000 00769nas a2200253 454500
001 34268
005 20260407193509.0
008 260407s1985####ag###########|||spa#d
003 AR-UNSa-BCEJYS
040 _aAR-UNSa-BCEJYS
_bspa
_cAR-UNSa-BCEJYS
080 _a336.71
_xBancos. Sistema bancario
245 1 0 _aMemoria anual
022 _a0326-7008
264 1 _aBuenos Aires :
_bADEBA
_c1985
310 _aFrecuencia: Anual
041 _aspa
942 _cSER
590 _aniveau_biblio:s niveau_hierar:1
100 1 _aAsociación de Bancos Argentinos (ADEBA)
650 _aBANCOS
650 _aFINANCIAMIENTO
650 _aOPERACIONES BANCARIAS
856 4 1 _uhttps://biblioeco.unsa.edu.ar/pmb/images/revistas/ADEBA_memoriaAnual.jpg
_yImagen de portada
_qimage/jpeg
999 _c8749
_d8749